000 00727nab a2200229u 4500
001 15743
003 HDC
007 c| |||a|c|aaaa
008 210218b20140407my ||||| |||| 00| 0 may d
040 _aHDC
245 0 _aPelan induk Hab Halal Tanjung Manis siap Mei
336 _atext
_2rdacontent
337 _acomputer
_2rdamedia
338 _aonline resource
_2rdacarrier
650 _aHalal Hub Tanjung Manis (HHTM)
_915823
650 _ahalal hub
_92262
710 _aBERITA HARIAN
856 _zRequest full-text at [email protected]
942 _2lcc
942 _cNEWS
942 _kNWSC 003740
999 _c13059
_d13059